| 000 | 00996cam a22003132 c4500 | ||
|---|---|---|---|
| 999 |
_c60994 _d60994 |
||
| 001 | 1116038021 | ||
| 003 | DE-627 | ||
| 005 | 20201124155139.0 | ||
| 007 | tu | ||
| 008 | 950619s1931 xx ||||| 00| ||ger c | ||
| 035 | _a(DE-627)1116038021 | ||
| 035 | _a(DE-576)046038027 | ||
| 035 | _a(DE-599)BSZ046038027 | ||
| 035 | _a(OCoLC)312516335 | ||
| 040 |
_aDE-627 _bger _cDE-627 _erakwb _dSTAFF |
||
| 041 | _ager | ||
| 100 | 1 |
_aHartmann, Karl Otto _0(DE-627)1245534645 _0(DE-576)175534640 _4aut |
|
| 245 | 1 | 4 |
_aDie Entwicklung der Baukunst von der Urzeit bis zur Gegenwart _n2 _pMittelalter und Renaissance _cvon K. O. Hartmann |
| 250 | _a2. Aufl. | ||
| 264 | 1 |
_aBerlin _bDt. Bauzeitung _c1931 |
|
| 300 |
_aVII, 347 S. _bmit 377 Abb. |
||
| 336 |
_aText _btxt _2rdacontent |
||
| 337 |
_aohne Hilfsmittel zu benutzen _bn _2rdamedia |
||
| 338 |
_aBand _bnc _2rdacarrier |
||
| 951 | _aMV | ||
| 773 | 1 | 8 |
_w(DE-627)1116037912 _w(DE-576)046037918 _g2 _q2,2 |
| 942 |
_2z _cBK |
||